| Tag |
First Indicator |
Second Indicator |
Subfields |
| LEADER |
00000cam a2200000 i 4500 |
| 001 |
in00004124841 |
| 008 |
200227t20202020nyu b 000 0 eng d |
| 005 |
20250308175609.8 |
| 020 |
|
|
|a 9780063008472
|q (library edition)
|
| 020 |
|
|
|a 0063008475
|q (library edition)
|
| 020 |
|
|
|a 9780062895813
|q (paperback)
|
| 020 |
|
|
|a 0062895818
|q (paperback)
|
| 035 |
|
|
|a (OCoLC)on1143487796
|
| 040 |
|
|
|a LMJ
|e rda
|c LMJ
|d DAD
|d YDX
|d KSA
|d BDX
|d HQD
|d JQM
|d CPL
|d TXA
|
| 049 |
|
|
|a TXAM
|
| 082 |
0 |
|
|a 028.7071
|2 23
|
| 090 |
|
|
|a PN45
|b .F586 2020
|
| 100 |
1 |
|
|a Foster, Thomas C.,
|e author.
|
| 245 |
1 |
0 |
|a How to read nonfiction like a professor :
|b a smart, irreverent guide to biography, history, journalism, blogs, and everything in between /
|c Thomas C. Foster.
|
| 250 |
|
|
|a First edition.
|
| 264 |
|
1 |
|a New York :
|b Harper Perennial,
|c [2020].
|
| 264 |
|
4 |
|c ©2020.
|
| 300 |
|
|
|a xiv, 310 pages ;
|c 21 cm.
|
| 336 |
|
|
|a text
|b txt
|2 rdacontent
|
| 337 |
|
|
|a unmediated
|b n
|2 rdamedia
|
| 338 |
|
|
|a volume
|b nc
|2 rdacarrier
|
| 504 |
|
|
|a Includes bibliographical references.
|
| 505 |
0 |
|
|a What's going on around here? -- Introduction: why critical reading matters -- The structure of nonfiction information -- The ecology of the nonfiction biosphere -- The power of the prologue -- The parts you don't read -- It may just be me, but... -- Source code -- All in how you look at things -- Bringing the news -- Living the news -- From the inside out -- Life from the inside -- That is so last year -- On the stump -- The universe of ideas/ideas of the universe -- Reading internet sources -- Social (media) disease -- The criminal element -- Conclusion: looking for certainty in an uncertain time.
|
| 520 |
|
|
|a The New York Times bestselling author of How to Read Literature Like a Professor uses the same skills to teach how to access accurate information in a rapidly changing 24/7 news cycle and become better readers, thinkers and consumers of media. We live in an information age, but it is increasingly difficult to know which information to trust. Fake news is rampant in mass media, stoked by foreign powers wishing to disrupt a democratic society. We need to be more perceptive, more critical and more judicious readers. The future of our republic may depend on it. How to Read Nonfiction Like a Professor is more careful, more attentive, more aware reading. On bookstore shelves, one book looks as authoritative as the next. Online, posts and memes don't announce their relative veracity. It is up to readers to establish how accurate, how thorough, how fair material may be. After laying out general principles of reading nonfiction, How to Read Nonfiction Like a Professor offers advice for specific reading strategies in various genres from histories and biographies to science and technology to social media. Throughout, the emphasis will be on understanding writers' biases, interrogating claims, analyzing arguments, remaining wary of broad assertions and easy answers, and thinking critically about the written and spoken materials readers encounter. We can become better citizens through better reading, and the time for that is now.
|
| 650 |
|
0 |
|a Information literacy.
|
| 650 |
|
0 |
|a Books and reading.
|
| 650 |
|
0 |
|a Literature
|x Explication.
|
| 650 |
|
0 |
|a Literature
|x History and criticism.
|
| 650 |
|
0 |
|a Critical thinking.
|
| 650 |
|
0 |
|a Criticism.
|
| 948 |
|
|
|a cataloged
|b h
|c 2021/6/10
|d c
|e dmitchel
|f 11:20:10 am
|
| 955 |
|
|
|a Print purchased PDA title
|
| 994 |
|
|
|a C0
|b TXA
|
| 999 |
f |
f |
|s ffe7a079-2ddf-322e-abf5-4e0f2ab53ad1
|i 08056236-243e-30fc-8698-e9b1cffb7938
|t 0
|
| 952 |
f |
f |
|p normal
|a Texas A&M University
|b College Station
|c Sterling C. Evans Library
|d Evans: Library Stacks
|t 0
|e PN45 .F586 2020
|h Library of Congress classification
|i unmediated -- volume
|m A14842680382
|
| 998 |
f |
f |
|a PN45 .F586 2020
|t 0
|l Evans: Library Stacks
|